Language Quiz

Random Language or Letter Quiz

Same Start and End 5-Letter Words Quiz Stats

 Plays Quiz Updated Mar 16, 2016

Challenge
Share
Tweet
Embed
Score 0/22 Timer 03:00
5 Plays Today
Clue Answer % Correct
A sharp device for shavingrazor
95.8%
A rap on the door with your knucklesknock
95.5%
A woman who has lost her matewidow
95%
Run off to get marriedelope
94.3%
The largest artery in the human bodyaorta
94.2%
Quite tastyyummy
93%
A bird sound or 140 character updatetweet
92.8%
A polymer used in stockingsnylon
91.5%
A top-selling model of Honda carsCivic
89.9%
A device to connect to the internetmodem
89.7%
Pleasantly rotund, like a turkeyplump
89.4%
Clue Answer % Correct
Lint or a spreadable form of marshmallowfluff
88.3%
A feeling of great fear or uneasinessdread
85.1%
A person from Basra or BaghdadIraqi
84.7%
A strong intuitive feeling about somethinghunch
79.8%
A popular antianxiety medicationXanax
77.9%
Slanderous writinglibel
76.4%
Perform better than someone elseoutdo
75.4%
A short description about an author or a plotblurb
75.1%
A hollow tract to the nosesinus
72.5%
A Russian prison campgulag
66.8%
The native name for Ayers RockUluru
35.3%

You're not logged in!

Compare scores with friends on all Sporcle quizzes.
OR
Log In

You Might Also Like...

Show Comments

Extras

Top Quizzes Today


Score Distribution

Your Account Isn't Verified!

In order to create a playlist on Sporcle, you need to verify the email address you used during registration. Go to your Sporcle Settings to finish the process.

Report this User

Report this user for behavior that violates our Community Guidelines.

Details: